<?xml version="1.0" encoding="UTF-8"?>
<marc:record xmlns:marc="http://www.loc.gov/MARC21/slim">
   <marc:leader>00000nam a2200000 a 4500</marc:leader>
   <marc:datafield ind1="1" ind2=" " tag="100">
      <marc:subfield code="a">Rosenthal, Amy Krouse</marc:subfield>
      <marc:subfield code="4">ctb</marc:subfield>
      <marc:subfield code="e">Mitwirkende/-r</marc:subfield>
   </marc:datafield>
   <marc:datafield ind1="1" ind2=" " tag="100">
      <marc:subfield code="a">Lichtenheld, Tom</marc:subfield>
      <marc:subfield code="4">ctb</marc:subfield>
      <marc:subfield code="e">Mitwirkende/-r</marc:subfield>
   </marc:datafield>
   <marc:datafield ind1="0" ind2="0" tag="245">
      <marc:subfield code="a">Ausrufezeichen</marc:subfield>
   </marc:datafield>
   <marc:datafield ind1="0" ind2="0" tag="245">
      <marc:subfield code="c">Amy Krouse Rosenthal &amp; Tim Lichtenheld. Aus dem Amerikan. von Yvonne Hergane</marc:subfield>
   </marc:datafield>
   <marc:datafield ind1=" " ind2="1" tag="264">
      <marc:subfield code="a">Hamburg</marc:subfield>
      <marc:subfield code="b">Dressler</marc:subfield>
      <marc:subfield code="c">2014</marc:subfield>
   </marc:datafield>
   <marc:datafield ind1="1" ind2=" " tag="520">
      <marc:subfield code="a">Ich bin anders! Und du? Ein Ausrufezeichen lebt unter vielen Punkten. Und dort macht es eigentlich nur eins: auffallen. Einzig zum Schlafen, da fällt es um. Es ist einfach nicht wie die anderen. Punkt. Oder eben kein Punkt. Dann plötzlich begegnet das Ausrufezeichen einem Fragezeichen. Und was macht das? Es stellt eine Frage. Darauf sind die ganzen Punkte natürlich noch nie gekommen. Höchste Zeit mit einem klaren Ausruf zu antworten!!!</marc:subfield>
   </marc:datafield>
   <marc:datafield ind1=" " ind2=" " tag="020">
      <marc:subfield code="a">9783791511474</marc:subfield>
      <marc:subfield code="9">9783791511474</marc:subfield>
   </marc:datafield>
   <marc:datafield ind1=" " ind2=" " tag="020">
      <marc:subfield code="a">3791511475</marc:subfield>
      <marc:subfield code="9">3791511475</marc:subfield>
   </marc:datafield>
   <marc:datafield ind1=" " ind2=" " tag="041">
      <marc:subfield code="a">ger</marc:subfield>
   </marc:datafield>
   <marc:datafield ind1=" " ind2=" " tag="300">
      <marc:subfield code="a">ca. 56] S.</marc:subfield>
   </marc:datafield>
</marc:record>
